00762nam a22002297a 450000500170000001000130001702000220003003500130005203700160006504000120008108200110009310000310010424500450013526000390018027000390021930000200025865000270027865000340030594200200033999900190035995201540037820170124110125.0 aA-306438 c00.00a8170010306 aA-306438 bCen Lib/Ret aDPLbEN aNbMAS aMasroor, Mehr Nigar931412 aShadows of time /cby Mehr Nigar Masroor bChanakya Publicationsc1987aDelhi bDelhiaF 10/14, Model Towne110009 a445p.c20cm(Hb) aReconciliation 931413 aAboriginal Australians931414 2ddccENhNmMAS c131300d131300 04104070aLbLd2015-07-14eCen Lib/Retg0.00l0oN MASpA-306438r2015-07-14 00:00:00t1v0.00w2015-07-14yENzW/d List No. 6851/13 : dtd 18/7/20